Phân tích quản trị tài chính

Đã lưu trong:
书目详细资料
主要作者: Nguyễn, Tấn Bình
格式: 图书
语言:Undetermined
出版: Hà Nội Thống Kê 2004
主题:
标签: 添加标签
没有标签, 成为第一个标记此记录!
Thư viện lưu trữ: Trung tâm Học liệu Trường Đại học Cần Thơ
LEADER 00606nam a2200205Ia 4500
001 CTU_74203
008 210402s9999 xx 000 0 und d
020 |b 58000 
082 |a 658.15 
082 |b H636 
100 |a Nguyễn, Tấn Bình 
245 0 |a Phân tích quản trị tài chính 
245 0 |c Nguyễn Tấn Bình 
260 |a Hà Nội 
260 |b Thống Kê 
260 |c 2004 
650 |a Industrial management,Financial management,Business enterprises 
650 |x Finance 
904 |i Năm, QHieu 
980 |a Trung tâm Học liệu Trường Đại học Cần Thơ